| Поле | Название | Значение |
| |
Тип записи |
a |
| |
Библиографический уровень |
m |
| 001 |
Контрольный номер |
76520dae1f1946e391fa12b74dd07b6e |
| 005 |
Дата корректировки |
20230731093324.7 |
| 010 |
Индекс ISBN |
__ |
| a |
ISBN |
978-5-04-173479-4 |
| d |
Цена |
500-00 |
| 100 |
Данные общей обработки |
__ |
| a |
Данные общей обработки |
20230731d2022####am#y0rusy50######ca |
| 101 |
Язык документа |
0_ |
| a |
Язык текста |
rus |
| 102 |
Страна публикации |
__ |
| a |
Страна публикации |
RU |
| 200 |
Заглавие и сведения об ответственности |
1_ |
| a |
Заглавие |
Синдром фамильной боли |
| e |
Сведения, относящиеся к заглавию |
как проблемы родителей влияют на жизнь детей |
| f |
Первые сведения об ответственности |
Ирина Карданова |
| 210 |
Выходные данные |
1_ |
| a |
Место издания |
Москва |
| c |
Издательство |
Бомбора |
| d |
Дата издания |
2022 |
| 215 |
Физическое описание |
__ |
| a |
Объем |
284, [1] с. |
| 330 |
Аннотация |
__ |
| a |
Аннотация |
Книга о выборе собственного сценария. О том, как проработать детские негативные воспоминания и начать жить в соответствии с настоящими мечтами и запросами. И о том, как воспитывать своих детей, сохраняя их самодостаточность, здоровую самооценку и личностную цельность. |
| 333 |
Примечание о целевом назначении |
__ |
| a |
Примечание о целевом назначении |
12+ |
| 606 |
Тематические рубрики |
__ |
| a |
Основная рубрика |
Психология |
| 606 |
Тематические рубрики |
__ |
| a |
Основная рубрика |
Психология социальных институтов |
| 610 |
Ключевые слова |
0_ |
| a |
Ключевые слова |
психологические тренинги |
| a |
Ключевые слова |
детско-родительские отношения |
| a |
Ключевые слова |
психическое здоровье |
| a |
Ключевые слова |
психологические травмы |
| a |
Ключевые слова |
повышение самооценки |
| a |
Ключевые слова |
взаимоотношения в семье |
| a |
Ключевые слова |
детские проблемы |
| a |
Ключевые слова |
отношение к себе |
| a |
Ключевые слова |
личные границы |
| 686 |
Индексы других классификаций |
__ |
| a |
Индекс ББК |
88.57 |
| 700 |
Автор |
_1 |
| a |
Фамилия |
Карданова |
| b |
Имя |
И. В. |
| g |
Полное личное имя |
Ирина Владимировна |
| 801 |
Источник записи |
_0 |
| a |
Страна |
RU |
| b |
Организация |
Центральная районная библиотека им. Г. А. Пирожникова |
| c |
Дата составления |
20230731 |
| g |
Правила каталогизации |
bzbo |
| 801 |
Источник записи |
_1 |
| a |
Страна |
RU |
| b |
Организация |
Центральная районная библиотека им. Г. А. Пирожникова |
| c |
Дата составления |
20230731 |
| g |
Правила каталогизации |
bzbo |
| 852 |
Данные о местонахождении |
__ |
| j |
Шифр хранения |
88.57 |
| i |
Авторский знак |
К 219 |
| 901 |
Тип документа |
__ |
| t |
Тип документа |
m |
| 902 |
Роль лиц |
__ |
| a |
Создатель БЗ |
ОКиО/Шумских |